县级行政区接壤地图#19 乡宁县 Xiangning Bordering Map - Statistics

General Stats
  • This quiz has been taken 4 times
  • The average score is 6 of 8
Answers on the Map
Answers color-coded by a green-red scale on the quiz's map according to % correct below.
 
Answer Stats
% Correct
韩城市
100%
新绛县
100%
吉县
67%
宜川县
67%
河津市
67%
襄汾县
67%
尧都区
67%
稷山县
33%
No matching quizzes found
Score Distribution
Percent of People with Each Score
Percentile by Number Answered
Your Score History
You have not taken this quiz